Представление документа в формате MARC21

Поле Инд. ПП Название Значение
Тип записи a
Библиографический уровень m
001 Контрольный номер 5da36182-fb10-4d93-8700-60414a3921c7
005 Дата корректировки 20140703132615.5
008 Кодируемые данные 000325 d
020 c Цена, тираж б/ц
040 a Служба первич. каталог. НБ ТвГУ
041 a Код языка текста rus
080 a Индекс УДК 808.2-02:801.22(043.3)
084 a Индекс другой классификации/Индекс ББК Ш141.12-022.121я031
a Индекс другой классификации/Индекс ББК Ш141.12-80я031
090 a Полочн. индекс Ш141.12
x Авторский знак Г12
100 1_ a Автор Габлина Татьяна Васильевна
245 10 a Заглавие Вариантные формы имен существительных мужского и женского рода единственного числа в тверской деловой письменности второй половины XVII - середины XVIII вв. (характер вариантности и обусловливающие факторы)
b Продолж. заглавия автореф, дис. ... канд. филол. наук : 10.02.01
c Ответственность Твер. гос. ун-т, Каф. рус. яз. филол. фак.
260 1_ a Место издания Тверь
c Дата издания 1998
300 a Объем 18 с.
500 a Примечание На правах рукоп.
504 a Библиография Библиогр.: с. 17-18 и в подстроч. примеч.
583 a Действие Получение впервые 28 09.02.2005
650 a Основная рубрика Русский язык
x Основная подрубрика Грамматические категории
x Основная подрубрика Морфология историческая
y Хронологическая подрубрика 17-18 вв.
650 a Основная рубрика Существительное в русском языке
650 a Основная рубрика Письменность
x Основная подрубрика История
z Географическая подрубрика Тверская область
653 a Ключевые слова Авторефераты
a Ключевые слова Грамматические категории
a Ключевые слова Деловая русская письменность
a Ключевые слова Историческая морфология русского языка
a Ключевые слова История русского языка
a Ключевые слова История русской письменности
a Ключевые слова Краеведение
a Ключевые слова Морфология русского языка
a Ключевые слова Род, грамматическая категория
a Ключевые слова Русская письменность
a Ключевые слова Существительное в русском языке
a Ключевые слова Существительные женского рода
a Ключевые слова Существительные мужского рода
a Ключевые слова Тверская письменность
a Ключевые слова Труды Тверского государственного университета
a Ключевые слова Число, грамматическая категория
710 a Организация/ юрисдикция Тверской государственный университет
852 t Порядковый номер экземпляра 2
p Инвентарный номер б/н
888 a Бесплатные
930 a Новая/Ретро авторефераты
a Новая/Ретро краеведение
952 p 28.2005 б/ц 2 б/н
c Вид литературы А/Р н
954 a Дата поступления на обработку 20050214
999 a Подразделение 2 ч.з.